000 00400nam a2200145Ia 4500
008 240624s9999 xx 000 0 und d
041 _aeng
082 _a330 MCE
100 _aMCEACHERN WILLIAM A
245 _aECONOMIC PRINCIPLES A CONTEMPORARY INTRO
250 _a(8th ed.)
260 _c2009
_aAustralia
_bSouth-Western Cengage Learning
300 _axxix, : 811 : p. : cm. ; 25
365 _c
_b30
999 _c14932
_d14932